[Event "FIDE World Bl Team Final"]
[Site "London ENG"]
[Date "2025.06.15"]
[Round "4.2"]
[White "Kosteniuk, Alexandra"]
[Black "Kamalidenova, Meruert"]
[Result "1/2-1/2"]
[WhiteTitle "GM"]
[BlackTitle "IM"]
[WhiteElo "2474"]
[BlackElo "2330"]
[WhiteTeam "A1 WR Chess Team"]
[BlackTeam "D2 KazChess"]
[WhiteFideId "4128125"]
[BlackFideId "13712802"]
[EventDate "2025.06.15"]
[EventType "team-k.o. (blitz)"]

1. e4 c5 2. c3 d5 3. exd5 Qxd5 4. d4 g6 5. Nf3 cxd4 6. Nxd4 Nf6 7. Nd2 Bg7 8.
N2f3 O-O 9. Be2 Nc6 10. O-O Bg4 11. h3 Nxd4 12. Nxd4 Bxe2 13. Qxe2 e5 14. Nb3 b6
15. Rd1 Qe6 16. Bg5 h6 17. Bd2 Rac8 18. Rac1 Rc4 19. Be3 Rfc8 20. Nd2 R4c6 21.
c4 Nd7 22. b3 f5 23. f3 g5 24. Bf2 Qf7 25. Nb1 Nf8 26. Nc3 Ne6 27. Nd5 Re8 28.
b4 Nd4 29. Qd2 b5 30. Ne3 f4 31. Nc2 Rxc4 32. Nxd4 exd4 33. Rxc4 Qxc4 34. Rc1
Qe2 35. Qxe2 Rxe2 36. Rc8+ Kh7 37. Rc7 Kg6 38. Rxa7 d3 39. Rd7 Rd2 40. Bd4 Bxd4+
41. Rxd4 Kf6 42. Kf1 Ke5 43. Rd8 Rxa2 44. Rxd3 Rb2 45. Rd8 Rxb4 46. Rh8 Rb1+ 47.
Ke2 Rb2+ 48. Kd3 Rxg2 49. Rxh6 Rf2 50. h4 Rxf3+ 51. Ke2 Rh3 52. Rh5 Rh2+ 53. Kf3
Rh3+ 54. Kf2 b4 55. Rxg5+ Ke4 56. Rb5 b3 57. Rb4+ Kf5 58. h5 Kg4 59. h6 Rh2+ 60.
Kg1 Rxh6 61. Rxb3 Ra6 62. Rc3 f3 63. Rc8 Ra1+ 64. Kf2 Ra2+ 65. Kf1 Kg3 66. Rg8+
Kf4 67. Rf8+ Kg3 68. Rg8+ Kf4 69. Rf8+ Kg4 70. Rg8+ Kf4 71. Rf8+ 1/2-1/2

[Event "FIDE World Bl Team Final"]
[Site "London ENG"]
[Date "2025.06.15"]
[Round "4.2"]
[White "Aronian, Levon"]
[Black "Abdusattorov, Nodirbek"]
[Result "1-0"]
[WhiteTitle "GM"]
[BlackTitle "GM"]
[WhiteElo "2742"]
[BlackElo "2767"]
[WhiteTeam "B2 Hexamind Chess Team"]
[BlackTeam "C1 Uzbekistan"]
[WhiteFideId "13300474"]
[BlackFideId "14204118"]
[EventDate "2025.06.15"]
[EventType "team-k.o. (blitz)"]

1. e4 d5 2. exd5 Qxd5 3. Nc3 Qa5 4. Bc4 Nf6 5. d3 a6 6. Bd2 Qf5 7. Qe2 b5 8. Bb3
Bb7 9. f4 e6 10. Nf3 Bd6 11. O-O-O Bxf4 12. Rhf1 O-O 13. Ng5 Bxd2+ 14. Qxd2 Qg6
15. h4 Nc6 16. g4 Nxg4 17. Qf4 h5 18. Qxc7 Rab8 19. Nce4 Nce5 20. Nd6 Bd5 21.
Bxd5 exd5 22. Nf5 Qb6 23. Qxb6 Rxb6 24. Ne7+ Kh8 25. Rde1 d4 26. Re4 f6 27. Nf3
Nxf3 28. Rxf3 Rd8 29. Rf5 Kh7 30. Rxh5+ Nh6 31. Rd5 Rxd5 32. Nxd5 Rd6 33. Nf4
Nf5 34. h5 Kh6 35. Kd2 Ne3 36. c3 Nf1+ 37. Kc2 Ng3 38. Re8 dxc3 39. bxc3 Kg5 40.
Ne6+ Kxh5 41. Nxg7+ Kg4 42. Rg8 Kf3 43. Rf8 Nf1 44. d4 Ne3+ 45. Kd3 Nd5 46. Rc8
Nf4+ 47. Kc2 Kg4 48. Rc5 Nd5 49. Ne8 Re6 50. Ng7 Re2+ 51. Kb3 Ne3 52. a4 bxa4+
53. Kxa4 f5 54. Ne6 f4 55. Rg5+ Kf3 56. d5 Rd2 57. Nd4+ Ke4 58. d6 Nc4 59. Rg6
Nxd6 60. Rxd6 f3 61. Re6+ Kd3 62. Nxf3 Rf2 63. Kb3 Rxf3 64. Rxa6 Rf8 65. Rd6+
Ke4 66. c4 Rb8+ 67. Ka4 Ke5 68. c5 Rb1 69. Ka5 Rb2 70. Rd1 Ke6 71. c6 Rc2 72.
Kb6 Rb2+ 73. Kc7 Ke7 74. Kc8 Rc2 75. c7 Rb2 76. Re1+ Kf7 77. Re4 Kf6 78. Kd7
Rd2+ 79. Kc6 Rc2+ 80. Kd6 Kf7 81. Re5 1-0

[Event "FIDE World Bl Team Final"]
[Site "London ENG"]
[Date "2025.06.15"]
[Round "4.2"]
[White "Sindarov, Javokhir"]
[Black "Murzin, Volodar"]
[Result "1/2-1/2"]
[WhiteTitle "GM"]
[BlackTitle "GM"]
[WhiteElo "2710"]
[BlackElo "2666"]
[WhiteTeam "C1 Uzbekistan"]
[BlackTeam "B2 Hexamind Chess Team"]
[WhiteFideId "14205483"]
[BlackFideId "44155573"]
[EventDate "2025.06.15"]
[EventType "team-k.o. (blitz)"]

1. e4 e5 2. Nf3 Nc6 3. Bc4 Nf6 4. Ng5 d5 5. exd5 Na5 6. Bb5+ c6 7. dxc6 bxc6 8.
Bd3 Nd5 9. Nf3 Bd6 10. O-O Nf4 11. Nc3 Nxd3 12. cxd3 O-O 13. Ne4 Bc7 14. Qc2 c5
15. b3 Bg4 16. Ba3 Bxf3 17. gxf3 Re8 18. Kh1 Nc6 19. Rg1 Nd4 20. Qc4 Re6 21. Rg3
Ne2 22. Rg4 Nf4 23. Bxc5 Qxd3 24. Ng5 Qxc4 25. bxc4 Rc6 26. Be3 Rxc4 27. Bxf4
exf4 28. h4 h5 29. Rg2 Rd4 30. Ne4 Bd8 31. Rc1 Rb8 32. Rc5 g6 33. Rxh5 Rb1+ 34.
Kh2 Rb2 35. Rc5 Bxh4 36. Rg4 Bd8 37. Kg2 Rxa2 38. Rc8 Kg7 39. Rxf4 Ra5 40. Rb8
Rad5 41. Rb7 Rd7 42. Nc5 Rxb7 43. Rxd4 Bb6 44. Rd5 Bxc5 45. Rxc5 1/2-1/2

[Event "FIDE World Bl Team Final"]
[Site "London ENG"]
[Date "2025.06.15"]
[Round "4.2"]
[White "Giri, Anish"]
[Black "Yakubboev, Nodirbek"]
[Result "1/2-1/2"]
[WhiteTitle "GM"]
[BlackTitle "GM"]
[WhiteElo "2748"]
[BlackElo "2659"]
[WhiteTeam "B2 Hexamind Chess Team"]
[BlackTeam "C1 Uzbekistan"]
[WhiteFideId "24116068"]
[BlackFideId "14203987"]
[EventDate "2025.06.15"]
[EventType "team-k.o. (blitz)"]

1. e4 d6 2. d4 Nf6 3. Nc3 e5 4. dxe5 dxe5 5. Qxd8+ Kxd8 6. Bc4 Ke8 7. Nf3 Bd6 8.
a3 a6 9. Ba2 Nbd7 10. h3 Nc5 11. Ng5 Rf8 12. b4 Ncd7 13. O-O b5 14. Re1 Bb7 15.
Bb2 h6 16. Nf3 c6 17. Rad1 Bc7 18. Bb3 a5 19. Nb1 axb4 20. axb4 Ke7 21. Nbd2 Bd6
22. c3 Rfd8 23. Nf1 c5 24. Ng3 g6 25. Bxf7 Nf8 26. bxc5 Bxc5 27. Bb3 Rxd1 28.
Rxd1 N8d7 29. Nh4 Nf8 30. Nf3 N8d7 31. Nd2 h5 32. Bc2 Ra2 33. Rb1 h4 34. Ngf1 g5
35. Ne3 Bxe3 36. fxe3 Nc5 37. c4 b4 38. Nb3 Bxe4 39. Bxe4 Nfxe4 40. Nc1 Ra4 41.
Bxe5 Nd2 42. Ra1 Rxa1 43. Bxa1 Nxc4 44. Bd4 Ne6 45. Kf2 Nxd4 46. exd4 Ke6 47.
Nd3 Kd5 48. Nxb4+ Kxd4 49. Nc2+ Kd3 50. Ne1+ Ke4 51. g3 Ne5 52. gxh4 gxh4 53.
Ng2 Nd3+ 54. Kg1 Ke5 1/2-1/2

[Event "FIDE World Bl Team Final"]
[Site "London ENG"]
[Date "2025.06.15"]
[Round "4.2"]
[White "Kasimdzhanov, Rustam"]
[Black "Vidit, Santosh Gujrathi"]
[Result "1/2-1/2"]
[WhiteTitle "GM"]
[BlackTitle "GM"]
[WhiteElo "2675"]
[BlackElo "2720"]
[WhiteTeam "C1 Uzbekistan"]
[BlackTeam "B2 Hexamind Chess Team"]
[WhiteFideId "14200244"]
[BlackFideId "5029465"]
[EventDate "2025.06.15"]
[EventType "team-k.o. (blitz)"]

1. e4 e5 2. Bc4 Nf6 3. d3 Nc6 4. Nc3 Bb4 5. Ne2 d5 6. exd5 Nxd5 7. O-O Be6 8.
Nxd5 Bxd5 9. Bb3 Bxb3 10. axb3 O-O 11. Be3 Re8 12. Ng3 Qd7 13. Qf3 a6 14. h3 Re6
15. Qg4 Rd8 16. Ne4 Rg6 17. Qxd7 Rxd7 18. f4 exf4 19. Rxf4 Re6 20. Raf1 Bf8 21.
R4f2 b6 22. g4 Nb4 23. Kg2 h6 24. Bf4 Rc6 25. Nc3 Bc5 26. Re2 Bd4 27. Kf3 Bxc3
28. bxc3 Nd5 29. Bd2 Nxc3 30. Bxc3 Rxc3 31. Ra1 a5 32. Ra4 f6 33. Rae4 Kf7 34.
h4 h5 35. gxh5 Rc5 36. Rg4 Rxh5 37. Reg2 Kf8 38. Re2 Rf5+ 39. Kg2 b5 40. Rge4
Kf7 41. Re8 Rf4 42. Rb8 c6 43. Rc8 Rxh4 44. Rxc6 a4 45. bxa4 bxa4 46. Ra6 Rd5
47. Ra7+ Kg6 48. Kf3 Rf5+ 49. Ke3 Re5+ 50. Kd2 Rxe2+ 51. Kxe2 Rh2+ 52. Kd1 Rh1+
53. Kd2 Ra1 54. c4 a3 55. c5 a2 56. c6 Rh1 57. c7 Rh8 58. Rxa2 Kf7 59. Ke3 Ke6
60. Ke4 Rc8 61. Ra6+ Kd7 62. Kf5 Rxc7 63. Kg6 Kc8 64. Re6 Rd7 65. Re3 Kd8 66.
Re1 Kc7 67. Re6 Rxd3 68. Kxg7 f5 69. Kg6 f4 70. Kg5 f3 71. Kg4 Kd7 72. Rf6 Ke7
73. Rxf3 Rxf3 74. Kxf3 1/2-1/2

[Event "FIDE World Bl Team Final"]
[Site "London ENG"]
[Date "2025.06.15"]
[Round "4.2"]
[White "Divya, Deshmukh"]
[Black "Khamdamova, Afruza"]
[Result "1-0"]
[WhiteTitle "IM"]
[BlackTitle "WIM"]
[WhiteElo "2463"]
[BlackElo "2326"]
[WhiteTeam "B2 Hexamind Chess Team"]
[BlackTeam "C1 Uzbekistan"]
[WhiteFideId "35006916"]
[BlackFideId "14210444"]
[EventDate "2025.06.15"]
[EventType "team-k.o. (blitz)"]

1. c4 e6 2. g3 d5 3. Bg2 Nf6 4. Nf3 dxc4 5. Qa4+ Nbd7 6. Qxc4 a6 7. d4 b5 8. Qb3
Bb7 9. O-O c5 10. dxc5 Bxc5 11. Nc3 O-O 12. Bf4 Qb6 13. Rad1 Rfd8 14. Qc2 Rac8
15. Qb1 Ng4 16. e3 e5 17. Bg5 f6 18. Qf5 fxg5 19. Qxg4 Nf6 20. Qxg5 e4 21. Nh4
Bf8 22. Nf5 Qe6 23. Bh3 Kh8 24. Kg2 Qg8 25. Nd4 Bd5 1-0